BIBLIOTECA

SENCICO

Ejercicios de resistencia de materiales (Registro nro. 774)

Detalles MARC
000 -LEADER
fixed length control field 00627nam a2200253Ia 4500
005 - DATE AND TIME OF LATEST TRANSACTION
control field 20251020182448.0
008 - FIXED-LENGTH DATA ELEMENTS--GENERAL INFORMATION
fixed length control field 200515s9999 xx 000 0 und d
020 ## - INTERNATIONAL STANDARD BOOK NUMBER
International Standard Book Number 978-84-92521-06-7
082 ## - DEWEY DECIMAL CLASSIFICATION NUMBER
Classification number 620.17/C18
100 ## - MAIN ENTRY--PERSONAL NAME
Personal name Calvo Calzada, Begoña
245 #0 - TITLE STATEMENT
Title Ejercicios de resistencia de materiales
250 ## - EDITION STATEMENT
Edition statement 2a ed.
260 ## - PUBLICATION, DISTRIBUTION, ETC.
Place of publication, distribution, etc. Zaragoza
260 ## - PUBLICATION, DISTRIBUTION, ETC.
Name of publisher, distributor, etc. Prensas Universitarias de Zaragoza
260 ## - PUBLICATION, DISTRIBUTION, ETC.
Date of publication, distribution, etc. 2008
300 ## - PHYSICAL DESCRIPTION
Extent 272
300 ## - PHYSICAL DESCRIPTION
Other physical details graf.
490 ## - SERIES STATEMENT
Series statement Textos Docentes N°49
500 ## - GENERAL NOTE
General note 1 ejemplar
650 ## - SUBJECT ADDED ENTRY--TOPICAL TERM
Topical term or geographic name entry element MATERIALES
650 ## - SUBJECT ADDED ENTRY--TOPICAL TERM
Topical term or geographic name entry element RESISTENCIA DE MATERIALES
942 ## - ADDED ENTRY ELEMENTS (KOHA)
Koha item type Libros
Existencias
Fecha de la última vez que lo usaron Pago total Signatura topográfica completa Código de barras Precio efectivo desde Tipo de documento Estado perdido Estado dañado No es para préstamo Retirado Ubicación permanente Ubicación actual Fecha de adquisición
15/05/2020   620.17/C18 Bib-Lima15050774 15/05/2020 Libros         Biblioteca Central Lima Biblioteca Central Lima 15/05/2020